000 00255nam a2200109Ia 4500
008 190216s9999||||xx |||||||||||||| ||und||
100 _aGupta Rl & Radhaswami
245 0 _aAdvanced Accountancy
260 _bS Chand & Co
300 _a3222p
942 _cBK
999 _c4921
_d4921